000 01241cab a2200217 4500
001 X3902
008 090401t1997 xxu||||| |||| 00| 0 eng d
035 _a(Sirsi) u33666
041 _aeng
245 _aBolton MBC and Redrow Group plc
260 _c1997
350 _a0
490 _aPlanning Appeal Decisions
_v[1997] 12 PAD 43-55(13)
520 _aResidential site - 46 and 134 houses - rough grassland - unitary development plan - traffic movements - proposed new bypass - accidents - loss of open space - scale of recent and proposed development in area - adequacy of facilities such as schools - overlooking and loss of privacy - new road junction - visibility standards - speed measurements - acquisition of land outside appellants control - conditions. Costs - unrealistic to expect each concern to be highlighted in grounds for refusal - appellants could seek discussions and explanations - council not bound to accept officers recommendations - appellants misled as to magnitude of separation required. Costs ordered.
650 _aBOLTON MBC AND REDROW GROUP PLC
650 _aROAD DEVLOPMENT
650 _aUNITARY DEVELOPMENT PLAN
690 _aPLANNING LAW AND PRACTICE-CASE LAW
942 _n0
948 _c04/03/1997
999 _c22450
_d22450